| 000 | 00505cam a2200181ua 4500 | ||
|---|---|---|---|
| 001 | 434 | ||
| 008 | 110406n ii |||gr||||Z||||||eng | ||
| 040 | _cMAIN | ||
| 082 | _a327.5491051 | ||
| 245 | 1 | 1 |
_aPakistan China relations. : _bsearch for politico-strategic relationship. / _cBy P. L. Bhola. |
| 250 | _a1st. | ||
| 260 |
_aJaipur.: _bR.B.S.A. publishers.,986. |
||
| 300 | _a304 p.:6 cm. | ||
| 653 | _aPolitical science. | ||
| 653 | _aPakistan China relations. | ||
| 700 | 1 | _aBhola, P. L., | |
| 942 | _cBK | ||
| 999 |
_c378 _d378 |
||